000 00515cam a22001578a 4500
020 _a1564322319
040 _cUKM
082 0 4 _a355 GLO 1999 A020 Or.
245 0 0 _aLandmine Monitor report 1999 :
_btoward a mine-free world /
260 _aNew York :
_bHuman Rights Watch ;
_aLondon :
_bGlobal,
_c1999
300 _a1085 p., maps ;
_c23 cm
650 0 _aLand mines (International law)
650 0 _aMines (Military explosives) (International law)
710 2 _aInternational Campaign to Ban Land Mines
942 _cEK
999 _c12483
_d12483